| 000 | 01126nam a22003497a 4500 | ||
|---|---|---|---|
| 003 | CHAP | ||
| 005 | 20220329140539.0 | ||
| 008 | 971013s1973 r 00010 d | ||
| 010 | _a53708 | ||
| 011 | _a54680 | ||
| 035 | _a58831 | ||
| 040 | _cCHAP | ||
| 082 |
_a574.192 _bW4 1975 |
||
| 100 | 0 | 0 |
_aWhite, Abraham. _9121674 |
| 245 | _aPrincipios of biochemistry | ||
| 250 | _a5 ed. | ||
| 260 |
_aNew York : _bMcGraw-Hill, _c1973 |
||
| 300 | _a1296 p. | ||
| 500 | _ac.1 substituye por c. White, Abraham Principios de bioquímica 2 ed. 1978 | ||
| 590 |
_aBATCH-UPD _b10 _c20130110 _lUCH01 _h0722 |
||
| 590 |
_aBATCH-UPD _b10 _c20130110 _lUCH01 _h2334 |
||
| 590 |
_aBATCH-UPD _b10 _c20130410 _lUCH01 _h0406 |
||
| 590 |
_aBATCH-UPD _b10 _c20130914 _lUCH01 _h0644 |
||
| 590 |
_aCONVERSION _b10 _c20130109 _lUCH01 _h1329 |
||
| 650 | 1 | 4 |
_aBioquímica. _912849 |
| 700 | 0 |
_aHandler, Philip. _952514 |
|
| 700 | 0 |
_aSmith, Emil L. _9106999 |
|
| 901 | _aBK | ||
| 942 | _cLIBRO | ||
| 949 |
_a574.192 W4 1975 _bBC _cLIBRO _d-127490 _eLIBRO _h37243 _i58831 _si |
||
| 949 |
_a574.192 W4 1975 _bBC _cLIBRO _d33724000472825 _eLIBRO _fc.2 _h40823 _i58831 _si |
||
| 999 |
_c53708 _d53708 |
||